| 000 | 00809nam a2200253 a 4500 | ||
|---|---|---|---|
| 005 | 20251128063954.0 | ||
| 008 | 160210s2014 mx r 000 0 spa d | ||
| 020 | _a9789870606239 | ||
| 035 | _aUPN01000208133 | ||
| 049 | _aCG | ||
| 050 | 4 |
_aLC171 _bT4.6 |
|
| 100 | 1 |
_aTedesco, Juan Carlos, _d1944- _934515 |
|
| 245 | 1 | 0 |
_aPedagogía y democratización de la universidad / _cJuan Carlos Tedesco, Claudia Aberbuj, Ivana Zacarias. |
| 260 |
_aBuenos Aires : _bAique, _c2014. |
||
| 300 |
_a176 p. : _btablas |
||
| 440 | 0 | _aNueva carrera docente | |
| 650 | 4 |
_aEducación superior y Estado _919050 |
|
| 650 | 4 |
_aEducación y Estado _919 |
|
| 650 | 4 |
_aEducación _xAspectos sociales _95311 |
|
| 700 | 1 |
_aAberbuj, Claudia, _ecoaut. |
|
| 700 | 1 |
_aZacarias, Ivana, _ecoaut. |
|
| 905 | _aLibro | ||
| 999 |
_c180234 _d180234 |
||